LEADER 01331nam 2200385 450 001 000002719 005 20070503173300.0 100 $a--------d1925----km-y0itay0103----ba 101 0 $aeng 102 $aUS 200 1 $aTable-talk of G.B.S.$econversations on things in general between George Bernard Shaw and his biographer$fby Archibald Henderson 200 1 $a1 $n0004213 210 $aNew York ; London$cHarper$d1925 215 $a192 p.$cill.$d19 cm. 600 $aHenderson,$bArchibald$f1877-1963 676 $a822.912 700 1$aHenderson,$bArchibald$059049 801 0$aIT$bUniversità della Basilicata - B.I.A.$gRICA$2unimarc 912 $a000002719 996 $aTable-talk of G.B.S$972812 997 $aUNIBAS BAS $aMONLET BAS $aMONOGR BAS $aLETTERE CAT $aCARLUCCI$b01$c19990909$lBAS01$h1235 CAT $c20000920$lBAS01$h1830 CAT $c20001010$lBAS01$h1633 CAT $c20050601$lBAS01$h1753 CAT $abatch$b01$c20050718$lBAS01$h1047 CAT $c20050718$lBAS01$h1106 CAT $c20050718$lBAS01$h1136 CAT $c20050718$lBAS01$h1151 CAT $aBATCH$b00$c20070503$lBAS01$h1733 FMT Z30 -1$lBAS01$LBAS01$mBOOK$1BASA1$APolo Storico-Umanistico$2GEN$BCollezione generale$3FP/3310$9FP/3310$63310$5L3310$819990909$f02$FPrestabile Generale